Tampa Bay Buccaneers Trivia - Statistics

General Stats
  • This quiz has been taken 1,559 times
    78 since last reset
  • The average score is 12 of 18
Answer Stats
Hint Answer % Correct
Quarterback who led the team to a Super Bowl victory in the 2020 season Tom Brady
100%
Starting quarterback since 2023 Baker Mayfield
96%
Leading tight end of the 2020 team Rob Gronkowski
96%
The Bucs all-time receiving leader Mike Evans
93%
Number of games the Bucs won in their first season Zero
81%
Head coach of the 2020 team Bruce Arians
79%
Quarterback who was the NFL's Rookie of the Year in 2015 Jameis Winston
75%
All-time sacks leader for the Bucs Warren Sapp
73%
Coach who led the Bucs to a Super Bowl victory in the 2002 season Jon Gruden
70%
Linebacker who was the NFL Defensive Player of the Year in 2002 Derrick Brooks
67%
Quarterback of the 2002 team Brad Johnson
58%
Hard-hitting safety who played for the Bucs from 1993–2003 John Lynch
51%
Cornerback who was named to 5 Pro Bowls during his long career from 1997–2012 Ronde Barber
51%
Former head coach who helped develop the "Tampa 2" defense Tony Dungy
43%
Nickname of former fullback Mike Alstott A-Train
39%
Nickname of former running back Carnell Williams Cadillac
39%
The other "football" team owned by the Glazer family, owners of the Buccaneers Manchester United
37%
Quarterback drafted #1 overall in 1987 Vinny Testaverde
33%
No matching quizzes found
Score Distribution
Percent of People with Each Score
Percentile by Number Answered
Your Score History
You have not taken this quiz since the last reset